01196nam a2200289Ia 4500001001100000003000800011006001900019007001500038008004100053020002200094020002300116040002100139035002100160050002300181100003000204245014500234260005400379300001100433533015200444600003000596650003800626650004300664651002800707655002900735710001700764856012500781ebr5003590CaPaEBRm u cr cn|||||||||020419s2001 cau s 000 0beng d z1589760662 (pbk.) z1589760670 (eBook) aCaPaEBRcCaPaEBR a(OCoLC)17915508014aF594b.B625 2001eb0 aBuffalo Bill,d1846-1917.14aThe life of Buffalo Billh[electronic resource] :bor, the life and adventures of William F. Cody, as told by himself /cby William F. Cody. aSanta Barbara, Calif. :bNarrative Press,cc2001. a332 p. aElectronic reproduction.bPalo Alto, Calif. :cebrary,d2013.nAvailable via World Wide Web.nAccess may be limited to ebrary affiliated libraries.00aBuffalo Bill,d1846-1917. 0aPioneerszWest (U.S.)vBiography. 0aFrontier and pioneer lifezWest (U.S.) 0aWest (U.S.)vBiography. 7aElectronic books.2local2 aebrary, Inc.40uhttp://site.ebrary.com/lib/rucke/Doc?id=5003590zAn electronic book accessible through the World Wide Web; click to view